Torschützenkönige in der Geschichte des FC Schalke 04 - Statistiken

Allgemein
  • Dieses Quiz wurde 119 mal gespielt
  • Das Durchschnittsergebnis liegt bei 4 aus 10
Antwortstatistiken
Tore Nationalität Spieler % Korrekt
128 Niederlande Klaas-Jan Huntelaar
98%
226 Deutschland Klaus Fischer
85%
104 Dänemark Ebbe Sand
82%
87 Deutschland Kevin Kuranyi
47%
75 Deutschland Olaf Thon
40%
88 Deutschland Ingo Anderbrügge
18%
141 Deutschland Bernhard Klodt
3%
71 Deutschland Manfred Kreuz
1%
78 Deutschland Waldemar Gerhardt
0%
83 Deutschland Willi Koslowski
0%
Keine übereinstimmenden Quizze gefunden
Verteilung der Resultate
Anzahl Personen mit jedem Resultat
Perzentil nach korrekt beantworteten Fragen
Ihre Resultats-Entwicklung
Sie haben dieses Quiz noch nicht gespielt